| 000 | 00845nam a22002537a 4500 | ||
|---|---|---|---|
| 003 | DO-SdBPM | ||
| 005 | 20250225072009.0 | ||
| 008 | 1607181993 xxu a spa d | ||
| 020 | _a0439083702 | ||
| 040 |
_aDO-SdBPM _bspa _cBPMSU _erda |
||
| 082 | 4 |
_a819.3 _bB772f 1993 _222 |
|
| 100 | 1 |
_aBourgeois, Paulette _d1951- |
|
| 245 | 1 | 0 |
_aFranklin is lost / _cPaulette Bourgeois ; ilustraciones Brenda Clark |
| 260 |
_aNew York : _bScholastic, _c1993 |
||
| 300 |
_a[30] p. : _bil. ; _c23 cm. |
||
| 500 | _aWhich of these Franklin stories have you read? | ||
| 500 | _aFranklin is a trade mark of kids can press. | ||
| 590 | _aInventariado, 2025/VM | ||
| 650 | 4 | _aCuentos infantiles canadienses | |
| 650 | 4 | _aLibros ilustrados para niƱos | |
| 700 | 1 |
_aClark, Brenda _eilustraciones |
|
| 910 | _aVMateo V. Control de calidad. BPMSU | ||
| 942 |
_2ddc _cBK |
||
| 999 |
_c14953 _d14953 |
||